चुंबक चिकित्सा शास्त्र व प्रयोग (Record no. 33120)
[ view plain ]
| 000 -LEADER | |
|---|---|
| fixed length control field | 00610nam a2200145Ia 4500 |
| 008 - FIXED-LENGTH DATA ELEMENTS--GENERAL INFORMATION | |
| fixed length control field | 090122s9999 xx 000 0 und d |
| 082 ## - DEWEY DECIMAL CLASSIFICATION NUMBER | |
| Item number | 9043 |
| Classification number | 617 |
| 100 ## - MAIN ENTRY--PERSONAL NAME | |
| Personal name | जायस्वाल |
| Numeration | जयनारायण |
| 245 ## - TITLE STATEMENT | |
| Title | चुंबक चिकित्सा शास्त्र व प्रयोग |
| 600 ## - SUBJECT ADDED ENTRY--PERSONAL NAME | |
| Personal name | जायस्वाल |
| 630 ## - SUBJECT ADDED ENTRY--UNIFORM TITLE | |
| Uniform title | चुंबक चिकित्सा शास्त्र व प्रयोग |
| 700 ## - ADDED ENTRY--PERSONAL NAME | |
| Personal name | जायस्वाल |
| 730 ## - ADDED ENTRY--UNIFORM TITLE | |
| Uniform title | चुंबक चिकित्सा शास्त्र व प्रयोग |
| 942 ## - ADDED ENTRY ELEMENTS (KOHA) | |
| Koha item type | Book |
| Withdrawn status | Lost status | Damaged status | Not for loan | Home library | Current library | Date acquired | Total Checkouts | Full call number | Barcode | Date last seen | Copy number | Price effective from | Koha item type |
|---|---|---|---|---|---|---|---|---|---|---|---|---|---|
| Dombivali Granthasangrahalaya, Dombivali | Dombivali Granthasangrahalaya, Dombivali | 01/22/2009 | 9043 | DOM-9043 | 01/22/2009 | 1 | 01/22/2009 | Book |